000 00566nam a2200217 a 4500
001 0001-1988
003 ELIB.Books
008 190128 2010 eng
020 _a087808231X
092 _a254 Pal
_bPal
100 _aPalmer, Donald C.
245 _aManaging Conflict Creatively
260 _aPasadena
_bWilliam Carey Library
_c1990
300 _a116
_c20.6 cm
650 _aChurch Management
856 _nKBTS Library
_uKBTS Elib
942 _2ddc
_cBK
990 _a2
998 _aEnglishbooks.elf
_ccat
_e2019-01-28
999 _c11988
_d11988